Normal view MARC view

Entry Personal Name

Number of records used in: 1

001 - CONTROL NUMBER

  • control field: 37528

003 - CONTROL NUMBER IDENTIFIER

  • control field: OSt

005 - DATE AND TIME OF LATEST TRANSACTION

  • control field: 20230410164634.0

008 - FIXED-LENGTH DATA ELEMENTS

  • fixed length control field: 230410|| aca||aabn | a|a d

040 ## - CATALOGING SOURCE

  • Original cataloging agency: OSt
  • Transcribing agency: OSt

100 ## - HEADING--PERSONAL NAME

  • Personal name: Das, Panchanan and Biswas, Sumita

670 ## - SOURCE DATA FOUND

  • Source citation: Work cat.: (OSt)521766: Das, Panchanan and Biswas, Sumita , Social identity, gender and unequal opportunity of earning in urban India: 2017–2018 to 2019–2020

Powered by Koha